Statistiques concernant Les verbes de la langue française qui se construisent avec l'auxiliaire -être au passé composé en dehors des verbes pronominaux - liste non exhaustive

Cliquez ici pour prendre le quiz!

Statistiques générales

  • Ce quiz a été pris 115 fois
  • Le résultat moyen est 9 sur 17

Statistiques - réponses

DR (et) MRS P. VANDERTRAMP% Correct
aller
86%
venir
79%
partir
70%
sortir
57%
monter
56%
descendre
55%
entrer
53%
tomber
52%
arriver
49%
mourir
48%
revenir
47%
devenir
45%
rentrer
45%
naître
44%
rester
39%
passer par
32%
retourner
27%

Distribution des résultats

Percentile par nombre de réponses

% des personnes avec chaque résultat

Votre développement - résultats

Vous n’avez pas pris ce quiz